La Precarizacin̤ Laboral en el Empleo Pb︢lico

Bibliographic Details
Main Author: Landalde, Lorena
Format: eBook
Language:Spanish
Published: Buenos Aires: Editorial Acadm̌ica Espaǫla, 2019
Subjects:
Online Access:Acceso restringido

MARC

LEADER 00000nam a22000007a 4500
005 20191008234953.0
007 cr|||| ||||
008 191008s2019 ar |||||s|||| 00||0 spa d
020 |a 9786139411269 
035 |a 29541 
040 |a vLex 
090 |c 9738  |d 9738 
100 1 |a Landalde, Lorena 
245 1 2 |a La Precarizacin̤ Laboral en el Empleo Pb︢lico  |h [Recurso electrn̤ico] /  |c Lorena Landalde 
256 |a Servicio en ln̕ea 
260 |a Buenos Aires:  |b Editorial Acadm̌ica Espaǫla,  |c 2019 
300 |a 1 recurso electrn̤ico 
500 |a Ante la realidad laboral que nos acecha con el devenir del tiempo y la profesionalidad necesaria para cubrir ciertos cargos en el Estado Argentino, ha surgido la necesidad de encontrar solucin̤ judicial para sus trabajadores, en resguardo de sus derechos laborales. Nos adentraremos al anl̀isis de posibles soluciones, para aquellos que se encuentran en dicha situacin̤, como consecuencia de la aplicacin̤ de regm̕enes laborales diferentes a los que se aplican a la planta permanente de cada dependencia. Como as ̕tambiň la actividad comprometida de nuestros magistrados. 
506 1 |a Disponible solo en los productos indicados  |d vLex Global  |d vLex Global (Academic Edition, excluding Law Schools)  |d vLex Global (U.S. Academic Edition, Law Schools)  |d vLex Global (U.S. Academic Edition, excluding Law Schools)  |d vLex Global (Academic Edition, Law Schools) 
650 0 4 |a Derecho Laboral y Seguridad Social  |z Argentina 
740 0 |a vLex Libros (Servicio en ln̕ea) 
856 4 0 |u http://vlex.com/source/29541  |z Acceso restringido 
942 |c BOOK 
999 0 |a Labor law and social security